| 000 | 01308nam a2200241Ia 4500 | ||
|---|---|---|---|
| 999 |
_c34458 _d34458 |
||
| 001 | 207 | ||
| 003 | GE_BSU | ||
| 005 | 20230623113939.0 | ||
| 008 | 181216s1979||||ge |||||||||||||| ||geo|| | ||
| 040 | _cGE_BSU | ||
| 041 | _ageo | ||
| 080 | _a902/904(479.22) ა-93 | ||
| 100 |
_aაფხაზავა, ნ. _918005 |
||
| 245 |
_aადრეული შუასაუკუნეების აღმოსავლეთ საქართველოს ნივთიერი კულტურა : _bარქეოლოგიური ქრონოლოგიის საკითხები სამკაულის მიხედვით / _cს. ჯანაშიას სახ. საქ. სახელმწ. მუზეუმი. |
||
| 264 |
_aთბილისი : _bმეცნიერება, _c1979. |
||
| 300 |
_a127გვ.: _b17 ფ. ტაბულა; _c26 სმ.. |
||
| 520 | _aრეზ. რუს. | ||
| 653 | _aარქეოლოგია | ||
| 653 | _aარქეოლოგიური გათხრები აღმოსავლეთ საქართველოში | ||
| 653 | _aსამკაულები. | ||
| 700 |
_aლორთქიფანიძე, ო. _eრედაქტორი _917578 |
||
| 942 |
_cBK _2udc |
||